| 000 | 00421nam a22001457u 4500 | ||
|---|---|---|---|
| 008 | 130405s1938 xxu||||| |||| 00| 0 spa d | ||
| 041 | _aspa | ||
| 100 | 1 |
_aFabbri, Luis _938082 |
|
| 245 | 0 | 0 |
_aVida y pensamiento de Malatesta _cLuis Fabbri |
| 260 |
_aBarcelona: _bEditorial Tierra y Libertad, _c1938 |
||
| 300 |
_a332 p. _c;21 cm. |
||
| 490 | 0 |
_aBiblioteca Universal de Estudios Sociales _v13 |
|
| 942 | _cBK | ||
| 001 | 92219 | ||
| 999 |
_c271839 _d271839 |
||